000 00820nam a2200229 i 4500
001 117757
003 ES-MaACL
005 20250826084008.0
007 t|
008 070214s1974 sp |||| | spa d
080 _a946"1814/33"
100 1 _aPegenaute, Pedro.
_989965
245 1 0 _aRepresión política en el reinado de Fernando VII
_b: las comisiones militares, (1824-1825) /
_cPedro Pegenaute.
260 _aPamplona :
_bUniversidad de Navarra,
_c1974.
300 _a111 p. ;
_c25 cm.
490 1 _aCuadernos de trabajo de historia ;
_v3
651 4 _aEspaña-
_xHistoria-
_y1814-1833, Fernando VII
_98248
710 2 _aUniversidad de Navarra.
_97252
830 0 0 _aCuadernos de trabajos de historia (Universidad de Navarra)
_v3
_9232381
852 _aES-MaACL
_jE-6601
999 _c117757
_d117757